Nghệ thuật điều hành doanh nghiệp vừa và nhỏ /
Sách giới thiệu với bạn đọc những kiến thức, kinh nghiệm trong công tác điều hành các doanh nghiệp cừa và nhỏ.
Wedi'i Gadw mewn:
| Prif Awdur: | |
|---|---|
| Fformat: | Llyfr |
| Iaith: | Vietnamese |
| Cyhoeddwyd: |
Tp.HCM :
Nxb Tp.HCM,
1996.
|
| Pynciau: | |
| Tagiau: |
Ychwanegu Tag
Dim Tagiau, Byddwch y cyntaf i dagio'r cofnod hwn!
|
| Thư viện lưu trữ: | Mạng thư viện Đại học Đà Nẵng |
|---|
| LEADER | 01059cam a2200361 i 4500 | ||
|---|---|---|---|
| 001 | 000046731 | ||
| 003 | 6237 | ||
| 005 | 20030918080513.0 | ||
| 008 | 010306b1996 vm 000 vie | ||
| 020 | |c 22000 | ||
| 022 | |a T | ||
| 040 | |a IRC |c IRC |d IRC | ||
| 041 | 0 | |a vie | |
| 082 | 1 | 4 | |a 658.02 |b PH-H |
| 100 | 1 | |a Phương Hà. | |
| 245 | 0 | 0 | |a Nghệ thuật điều hành doanh nghiệp vừa và nhỏ / |c Phương Hà. |
| 260 | |a Tp.HCM : |b Nxb Tp.HCM, |c 1996. | ||
| 300 | |a 283tr. ; |c 19cm. | ||
| 520 | 3 | |a Sách giới thiệu với bạn đọc những kiến thức, kinh nghiệm trong công tác điều hành các doanh nghiệp cừa và nhỏ. | |
| 630 | 0 | 4 | |a Quản trị kinh doanh. |
| 630 | 0 | 4 | |a Doanh nghiệp. |
| 630 | 0 | 4 | |a Điều hành doanh nghiệp. |
| 650 | 0 | 4 | |a Doanh nghiệp |x Quản trị. |
| OWN | |a DUT | ||
| 999 | |a From the UDN01 | ||
| TYP | |a Monograph | ||
| TYP | |a Printed language | ||
| 980 | |a Mạng thư viện Đại học Đà Nẵng | ||